Sonic & All-Stars Racing Transformed Characters - Statistics

General Stats
  • This quiz has been taken 62 times
  • The average score is 18 of 33
Answer Stats
Series Character % Correct
Sonic the Hedgehog Sonic
98%
Sonic the Hedgehog Amy
95%
Sonic the Hedgehog Tails
95%
Sonic the Hedgehog Knuckles
90%
Sonic the Hedgehog Dr. Eggman
88%
Sonic the Hedgehog Shadow
88%
Wreck-it-Ralph Ralph
83%
Super Monkey Ball AiAi
73%
Sonic the Hedgehog Metal Sonic
71%
NiGHTS Into Dreams NiGHTS
68%
Alex Kidd Alex Kidd
66%
Samba de Amigo Amigo
66%
Wii Mii
66%
Xbox Avatar
56%
Crazy Taxi B.D. Joe
54%
Jet Set Radio Beat
54%
Jet Set Radio Gum
54%
Space Channel 5 Ulala
54%
Team Fortress Team Fortress
49%
Super Monkey Ball MeeMee
46%
SEGA AGES
44%
Shinobi Joe Musashi
44%
Football Manager Football Manager
41%
NiGHTS Into Dreams Reala
37%
Shogun Shogun
37%
N/A Danica Patrick
34%
Space Channel 5 Pudding
34%
Skies of Arcadia Vyse
34%
The Yogscast Yogscast
34%
Golden Axe Gilius
32%
Shenmue Ryo
32%
Total War Willemus
17%
Company of Heroes General Winters
7%
No matching quizzes found
Score Distribution
Percent of People with Each Score
Percentile by Number Answered
Your Score History
You have not taken this quiz